000 00712nam a22002057a 4500
003 UA-OsUOA
001 20337
007 ta
008 20031027b un ||||| |||| 00| 0 ukr d
090 _a908(477.81)
_bМ33
942 _cBK
040 _aUA-OsUOA
_cUA-OsUOA
_dUA-OsUOA
245 _aМатеріали VI-ої острозької науково-краєзнавчої конференції "Острог на порозі 900-річчя"
300 _a245 с.
955 _a0
080 _a908(477.81)
260 _aОстрог
_bОстрозьке науково-краєзнавче товариство "Спадщина" ім. Кн. Острозьких
_c1995
650 7 _2UDC
999 _c306514
_d306514